Gaming Quiz

Random Gaming or Pokémon Quiz

Pokémon (Gen III) Quiz Stats

 Plays Quiz Updated Mar 3, 2017

Also try: Pokémon Theme
Challenge
Share
Tweet
Embed
Score 0/135 Timer 12:00
77 Plays Today
Dex Pokémon % Correct
258Mudkip
96.1%
255Torchic
95.4%
252Treecko
93.5%
257Blaziken
92.8%
260Swampert
91.1%
254Sceptile
90.9%
256Combusken
90.4%
253Grovyle
89.5%
383Groudon
88.7%
259Marshtomp
88.2%
382Kyogre
87.9%
384Rayquaza
86.9%
263Zigzagoon
84.5%
261Poochyena
81.9%
268Cascoon
81.6%
386Deoxys
81.6%
262Mightyena
81.4%
265Wurmple
81.4%
269Dustox
80.7%
266Silcoon
80.4%
264Linoone
80.3%
267Beautifly
80.3%
385Jirachi
80.2%
277Swellow
79.6%
377Regirock
79.1%
378Regice
79.1%
379Registeel
79%
276Taillow
78.5%
381Latios
76.9%
380Latias
76.8%
371Bagon
76.8%
373Salamence
76.1%
280Ralts
74.3%
278Wingull
73.4%
372Shelgon
73.4%
376Metagross
73.4%
270Lotad
72.9%
282Gardevoir
72.7%
281Kirlia
72.4%
272Ludicolo
72.2%
330Flygon
71.7%
375Metang
71.7%
374Beldum
71.4%
271Lombre
71.3%
279Pelipper
71.3%
Dex Pokémon % Correct
273Seedot
71.2%
321Wailord
71.1%
320Wailmer
70.3%
322Numel
70.2%
274Nuzleaf
70.1%
328Trapinch
70%
289Slaking
69.9%
323Camerupt
69.9%
309Electrike
69.7%
304Aron
69%
275Shiftry
68.9%
296Makuhita
68.7%
297Hariyama
68.3%
329Vibrava
68.3%
287Slakoth
68.1%
310Manectric
67.8%
306Aggron
67.7%
319Sharpedo
67.6%
334Altaria
67.4%
288Vigoroth
67.2%
311Plusle
67.2%
338Solrock
67.1%
337Lunatone
66.5%
312Minun
66.4%
350Milotic
66.3%
305Lairon
66.2%
324Torkoal
66.2%
349Feebas
66.1%
333Swablu
65.9%
299Nosepass
64.9%
355Duskull
64.4%
356Dusclops
64.2%
295Exploud
63.7%
354Banette
63.4%
294Loudred
63.3%
353Shuppet
63.1%
293Whismur
62.5%
357Tropius
62.5%
336Seviper
62.3%
359Absol
62.2%
285Shroomish
61.9%
286Breloom
61.6%
318Carvanha
61.5%
363Spheal
61.2%
335Zangoose
60.7%
Dex Pokémon % Correct
302Sableye
60.6%
291Ninjask
60.3%
300Skitty
60.3%
365Walrein
59.9%
290Nincada
59.6%
369Relicanth
59.1%
301Delcatty
58.7%
331Cacnea
58.6%
364Sealeo
58.4%
366Clamperl
58.3%
345Lileep
58.2%
348Armaldo
58.1%
292Shedinja
58%
332Cacturne
57.9%
327Spinda
57.6%
308Medicham
57.4%
362Glalie
57.4%
346Cradily
57.4%
347Anorith
57.2%
307Meditite
57.1%
367Huntail
57%
361Snorunt
56.4%
344Claydol
55.7%
368Gorebyss
55.5%
283Surskit
55.2%
303Mawile
55.2%
315Roselia
54.6%
343Baltoy
54.6%
370Luvdisc
54.3%
352Kecleon
53.2%
298Azurill
53%
316Gulpin
52.3%
284Masquerain
52.2%
351Castform
52%
317Swalot
51.1%
313Volbeat
50.4%
314Illumise
49.4%
341Corphish
48.9%
325Spoink
48.5%
342Crawdaunt
48.1%
326Grumpig
47.3%
360Wynaut
46.5%
340Whiscash
45.5%
339Barboach
45.4%
358Chimecho
44.7%

You're not logged in!

Compare scores with friends on all Sporcle quizzes.
OR
Log In

You Might Also Like...

Show Comments

Extras

Top Quizzes Today


Score Distribution

Your Account Isn't Verified!

In order to create a playlist on Sporcle, you need to verify the email address you used during registration. Go to your Sporcle Settings to finish the process.

Report this User

Report this user for behavior that violates our Community Guidelines.

Details: